[Event "WchT 10th"]
[Site "Tsaghkadzor"]
[Date "2015.04.26"]
[Round "7.3"]
[White "Rapport, Richard"]
[Black "Adly, Ahmed"]
[Result "0-1"]
[WhiteElo "2710"]
[BlackElo "2589"]
[Annotator "Stohl,I"]
[PlyCount "56"]
[EventDate "2015.04.19"]
[EventType "team-tourn"]
[EventRounds "9"]
[EventCountry "ARM"]
[SourceTitle "CBM 166"]
[Source "ChessBase"]
[SourceDate "2015.05.11"]
[SourceVersion "1"]
[SourceVersionDate "2015.05.11"]
[SourceQuality "1"]
[WhiteTeam "Hungary"]
[BlackTeam "Egypt"]
[WhiteTeamCountry "HUN"]
[BlackTeamCountry "EGY"]

1. b3 {Once pioneered by Larsen, nowadays mainly by Rapport and Jobava, this
has become quite a respectable attempt to avoid a theoretical memory contest.
Even other top players as Mamedyarov and mainly Nakamura have given it a go,
but mostly in rapid and blitz games.} a5 $5 {Black comes up with an original
reaction. Let's check some recent examples with more standard set-ups:} (1...
Nf6 2. Bb2 g6 {Interesting and strategically complex is} 3. Bxf6 $5 (3. g3 Bg7
4. Bg2 d5 5. Nf3 c5 6. O-O O-O 7. e3 Nc6 8. Ne5 Bd7 9. c4 d4 10. Nxc6 Bxc6 11.
Bxc6 bxc6 12. d3 Qd7 13. Qe2 dxe3 14. fxe3 Rad8 15. Rd1 h5 16. Nc3 Ng4 17. Na4
Bxb2 18. Nxb2 Qe6 19. Re1 h4 20. gxh4 Kg7 21. Qg2 Rh8 $36 {Short,N (2664)
-Kasparov,G (2812) Saint Louis blitz 2015}) (3. Nc3 Bg7 4. d4 c5 5. e3 cxd4 6.
exd4 d5 7. Qd2 Nc6 8. O-O-O (8. f3 h5 9. Bb5 Qd6 10. Nge2 Bh6 11. Qd1 Bf5 12.
Bc1 Bxc1 13. Rxc1 Rc8 14. Qd2 O-O 15. Bxc6 bxc6 16. Na4 Rfe8 17. O-O e5 18. c3
h4 19. dxe5 Rxe5 20. b4 Rce8 21. Nd4 h3 22. g3 Bc8 23. Nc5 Nd7 24. Nd3 R5e7 25.
Rfe1 c5 26. bxc5 Nxc5 27. Nf4 Rxe1+ 28. Rxe1 Rxe1+ 29. Qxe1 Ne6 30. Nfxe6 Bxe6
$11 {Jobava,B (2727)-Carlsen,M (2862) Wijk aan Zee 2015 See the notes to this
game by Ftacnik in CBM 165}) 8... Qa5 (8... O-O 9. f3 h5 10. Kb1 Bf5 11. a3 Rc8
12. Nge2 b5 13. Ng3 b4 14. axb4 Bd7 15. Na4 h4 16. Ne2 Bf5 17. Nc5 a5 18. bxa5
Nxa5 19. Nc1 e5 20. Ba6 Rc6 {Jobava,B (2711)-Mamedyarov,S (2764) Beijing blitz
2012} 21. g4 $1 hxg3 22. hxg3 exd4 23. g4 $1 $16) 9. f3 h5 10. Kb1 Bf5 11. Bd3
$5 Nxd4 (11... Bh6 $5 12. Qe1 Bxd3 13. Rxd3 b5 $13) 12. Nge2 Nxe2 13. Qxe2 Bd7
14. Rhe1 e6 15. Bxg6 fxg6 16. Nxd5 Nxd5 17. Bxg7 Rg8 18. Qe5 {Jobava,B (2696)
-Mamedyarov,S (2759) Tbilisi 2015} Qc7 $1 19. Qb2 O-O-O $13 {/=/+ See the
notes to this game by Mokal in CBM 165}) ({Another wild try is} 3. g4 Bg7 4. g5
Nh5 5. Bxg7 Nxg7 6. Qc1 O-O 7. Qb2 d5 8. e3 c6 9. h4 Re8 10. Nf3 Qd6 11. c4 e5
12. Nc3 a6 13. O-O-O b5 14. cxd5 cxd5 15. e4 Bb7 16. d4 exd4 17. Nxd4 dxe4 18.
Bg2 Nc6 19. Nxc6 Qf4+ 20. Qd2 Qxd2+ 21. Rxd2 Bxc6 $15 {Williams,S (2443)-Hill,
A (2112) London 2014}) 3... exf6 4. c4 Bg7 5. Nc3 f5 6. Rc1 O-O (6... c5 7. g3
O-O 8. Bg2 Nc6 9. Nh3 g5 10. f4 h6 11. O-O d6 12. fxg5 hxg5 13. e3 g4 14. Nf4
Qg5 15. Ncd5 Bd7 16. Rb1 Rad8 17. b4 b6 18. a4 Be5 19. a5 cxb4 20. axb6 a5 21.
Rf2 Rb8 22. h4 Qh6 23. d4 Bg7 24. c5 $16 {Rapport,R (2709)-Naiditsch,A (2711)
Jurmala 2015}) 7. g3 c6 (7... Re8 8. Bg2 f4 9. gxf4 Qh4 10. Kf1 Bxc3 11. Rxc3
Qxf4 12. h4 d6 13. h5 Nc6 14. Nh3 Qd4 15. e3 Qf6 16. Nf4 Ne7 17. Qf3 Qg5 18.
Bh3 c6 19. hxg6 hxg6 20. Bxc8 Raxc8 21. Nh5 f5 22. Rd3 Kf7 23. Nf4 Rcd8 24.
Rh7+ Kf6 25. Qd1 {1-0 (25) Jobava,B (2711)-Mamedyarov,S (2764) Beijing 2012})
8. Bg2 d6 9. e3 Nd7 10. d4 Nf6 11. Nge2 h5 12. h4 Re8 13. Qd3 Qe7 14. O-O Ne4
15. b4 a6 16. a4 Bd7 17. c5 d5 18. Rb1 g5 19. hxg5 Qxg5 20. Nf4 h4 $132 {
Vakhidov,J (2471)-Nguyen,N (2621) Dubai blitz 2014}) (1... d5 2. Bb2 Bg4 3. f3
(3. h3 Bh5 4. d3 c5 5. Nd2 Nc6 6. Ngf3 f6 7. c4 d4 8. g3 e5 9. Bg2 Nh6 (9...
Bd6 10. Ne4 Nge7 $11) 10. a3 a5 11. Bc1 f5 12. Nh2 $5 Be7 13. Ndf1 Nf7 14. g4
Bg6 15. Ng3 Nd6 16. gxf5 Nxf5 17. Bd5 Nxg3 18. fxg3 Rf8 19. Nf3 e4 20. dxe4 Qc7
21. Bf4 Bd6 22. e3 {Nakamura,H (2787)-Peralta,F (2574) Tromso olm 2014} dxe3 $1
23. Bxc6+ Qxc6 24. Qxd6 Qxd6 25. Bxd6 Rxf3 $11) 3... Bf5 4. e3 e6 5. Nc3 (5. f4
Nf6 6. Nf3 Be7 7. d3 c5 8. h3 Nh5 9. g4 Ng3 10. Rg1 Nxf1 11. Kxf1 Bf6 12. Bxf6
Qxf6 13. Na3 Bg6 14. Nb5 Qe7 15. e4 a6 16. Nc3 dxe4 17. dxe4 f6 18. f5 Bf7 19.
fxe6 Qxe6 20. Nd5 Qd6 21. Ne3 Qf4 22. Nf5 (22. Nd5 $11) 22... O-O 23. g5 $2
Qxe4 24. Nd6 Qe6 25. Nxf7 Rxf7 $17 {Jobava,B (2694)-Navara,D (2703) ECC Rhodes
2013}) (5. Ne2 c5 6. Ng3 Bg6 7. Bb5+ Nd7 8. O-O a6 9. Bxd7+ Qxd7 10. f4 h5 11.
f5 exf5 12. Qf3 Nh6 13. Nc3 Rd8 14. Nge2 Ng4 15. Nf4 Nf6 16. Na4 Ne4 17. Qe2
Qc6 18. d3 Ng5 19. c4 dxc4 20. dxc4 h4 21. Nc3 h3 22. Ncd5 Rh7 {Rapport,R 
(2687)-Wojtaszek,R (2711) Warsaw blitz 2013} 23. g3 $44 {[%csl Re8,Rg6]}) 5...
Nf6 6. g4 (6. Nce2 h5 7. Nd4 Bh7 8. f4 Nbd7 9. Nh3 c5 10. Nf3 Bf5 11. Nhg5 Ne4
12. Nxe4 dxe4 13. Ne5 Nxe5 14. Bxe5 a6 15. Qe2 Rc8 16. a4 Be7 17. Bxg7 Rg8 18.
Bc3 Bf6 $44 {Michalik,P (2570)-Ftacnik,L (2557) Slovakia 2014}) 6... Bg6 7.
Nce2 Nc6 8. h4 h5 9. g5 Nd7 10. Nf4 Ne7 11. Qe2 c6 12. Nxg6 Nxg6 13. f4 Qa5 14.
Nf3 Nc5 15. a3 Ne4 16. Rg1 O-O-O 17. Bh3 Kb8 18. b4 Qc7 19. c4 dxc4 20. Qxc4
Nd6 21. Qc2 Qd7 22. Kf2 Nf5 23. Bxf5 exf5 24. Bd4 Rg8 25. Qa4 a6 26. Qa5 Bd6
27. Qb6 Kc8 28. b5 axb5 29. a4 $40 {McShane,L (2683)-Jansa,V (2513) EU-ch
Aix-les-Bains 2011}) ({Suprisingly enough in top level encounters Black
usually spurns the most often played move} 1... e5 2. Bb2 Nc6 3. e3 Nf6 4. Bb5
Bd6 5. Na3 a6 6. Bxc6 dxc6 7. Nc4 Qe7 8. Ne2 O-O 9. O-O b5 10. Nxd6 cxd6 11. h3
Nd5 12. e4 Nc7 13. f4 f6 14. d3 Bd7 15. Qd2 a5 16. a4 b4 17. Rf2 exf4 18. Nxf4
Ne6 19. Nh5 Qe8 20. Ng3 Ng5 21. Kh2 Qg6 22. Raf1 Qh6 23. Qe3 $14 {Jobava,B 
(2722)-Naroditsky,D (2620) Doha 2014}) 2. e4 {Ignores Black's intentions.} (2.
c4 e6 (2... e5 $5 3. Bb2 Nc6 {is a more active option}) 3. Nc3 Nf6 4. Bb2 d5 5.
e3 Be7 6. Nf3 O-O 7. d4 b6 8. Bd3 Bb7 9. O-O Nbd7 10. cxd5 exd5 11. Rc1 Rc8 12.
Ne5 $14 {Naiditsch,A (2705)-Michalik,P (2557) Dubai blitz 2014 In this Queen's
Indian type position a5 turned out to be superfluous and White is somewhat
better.}) ({The most natural and usual move is} 2. Bb2 a4 (2... Nf6 3. c4 Nc6
4. Nf3 d5 5. cxd5 Nxd5 6. a3 Nf6 7. g3 Be6 8. Bg2 Qd5 9. Nc3 Qxb3 10. Qc1 Bg4
11. O-O Bxf3 12. Bxf3 Nd4 13. Bg2 e6 14. e3 Qxc3 15. Bxc3 Ne2+ 16. Kh1 Nxc1 17.
Bxb7 Rb8 18. Bc6+ Kd8 19. Rfxc1 $16 {Bernadskiy,V (2541)-Janev,E (2439) Varna
2014}) {, here we still have almost no high-level examples:} 3. e3 (3. b4 e6 4.
a3 Nf6 5. d4 d5 6. e3 b6 7. c4 c5 8. Nc3 cxb4 9. axb4 Bxb4 10. Rxa4 Ba5 11. f3
Bd7 12. Ra1 dxc4 13. Bxc4 {Kozel,J (2047)-Plat,V (2464) Kouty nad Desnou 2014}
b5 14. Bb3 b4 $13) 3... axb3 4. axb3 Rxa1 5. Bxa1 Nf6 6. Nf3 {½ Can,E (2498)
-Ipatov,A (2562) Rethymnon op 2011}) (2. a3 e5 3. Bb2 d6 4. e3 g6 5. d4 Bg7 6.
dxe5 Nh6 7. Nc3 Bxe5 8. Nf3 Bg7 9. h3 Nf5 10. e4 Nh4 11. Nd2 g5 12. g3 Ng6 13.
Qh5 Nd7 14. Nc4 h6 15. Nd5 Bxb2 16. Nxb2 Nf6 17. Nxf6+ Qxf6 18. O-O-O a4 19.
bxa4 Bd7 20. Rd3 Qxf2 21. Be2 Ne5 22. Rb3 Be6 23. Rf1 Qd4 $19 {Blatny,P (2449)
-Sulskis,S (2514) Pardubice 2006}) 2... a4 3. b4 $146 {Although almost surely
unintentional, already this is a novelty - refreshing in a modern GM game!} (3.
bxa4 Rxa4 (3... e5 $5) 4. Nc3 Ra5 5. d4 b6 6. f4 Bb7 7. Nf3 Nf6 (7... e6 $142
$132) 8. e5 Ne4 9. Nxe4 Bxe4 10. Bd2 Nc6 (10... Ra7 11. Ng5 $36) 11. Bxa5 (11.
Ng5 Bg6 12. Bxa5 Nxa5 13. Bd3 $16) 11... Nxa5 12. Bd3 Qa8 13. O-O e6 14. Qe2
Bxd3 15. Qxd3 Qd5 16. Qa6 Be7 17. Qd3 O-O 18. f5 exf5 19. Qxf5 Nc4 20. Rae1 g6
21. Qf4 Ra8 22. Ra1 Ra3 $14 {Radnai,A (2331)-Szalanczy,E (2280) Budapest 2014})
3... e6 4. Bb2 d5 5. a3 ({The more sedate move} 5. exd5 $5 {leads to an
interesting position, which is difficult to evaluate unequivocally:} exd5 (5...
Qxd5 6. Nf3 $5 (6. a3 $14) 6... Qe4+ 7. Be2 Qxb4 8. Ba3 Qa5 9. Bxf8 Kxf8 10.
O-O $32) 6. Qe2+ $5 (6. Nf3 Nf6 7. Qe2+ Be7 $1 8. Bxf6 gxf6 9. Nc3 (9. g3 O-O
10. Bg2 Re8 $17) 9... O-O 10. Nxd5 Qxd5 11. Qxe7 Nc6 12. Qxf6 Nxb4 $44) 6...
Ne7 (6... Be6 7. Nf3 Nf6 8. Ng5 $14) 7. b5 $13 {[%cal Yg2g3,Yf1g2,Yg1f3]}) 5...
dxe4 6. Nc3 Nf6 7. g4 {Artificial originality, combined with bad form is often
a recipe for disaster - this was Rapport's case in the World Teams.} ({In the
French with 2.b3 White usually castles queenside, here his position is already
compromised with 3.b4. Despite this he should have gone for} 7. Qe2 $142 $5 c5
8. b5 (8. bxc5 Qd4 $5 9. Qb5+ Nbd7 10. c6 bxc6 11. Qxc6 Rb8 $15) 8... Be7 (8...
Qd4 9. O-O-O (9. g3 Nbd7 10. Bg2 Nb6 11. Rb1 Nc4 12. Bxe4 Nxb2 13. Nf3 Qc4 14.
Rxb2 Qxe2+ 15. Kxe2 Nxe4 16. Nxe4 f6 $15 {[%csl Gc8,Gf8]}) 9... b6 10. g4 Bb7
11. Bg2 c4 12. f4 $1 $32 (12. Nxe4 $2 Bxa3 13. c3 Bxb2+ 14. Kxb2 Qd7 $17) {/\}
12... Nbd7 $2 13. Nxe4 $1 Bxa3 14. c3 $16) 9. Nxe4 Nbd7 10. O-O-O O-O $13 {/=/+
}) 7... c5 8. b5 h6 9. Bg2 $6 (9. Qe2 $142 $132 {was still the better option.})
9... Ra5 $1 {[%csl Rb5] Equally original and on the contrary strong as well -
Black emphasises the vulnerability of the Pb5.} 10. Qe2 (10. h4 Bd7 11. g5 Nd5
$36) 10... Bd7 $15 11. Rb1 (11. O-O-O Qb6 $40) 11... Qc7 (11... Qb6 $5 12. Ba1
c4 $15 {/\} 13. Qxc4 Bxa3) 12. Bxe4 $2 {Resolving the tension favours Black.} (
12. Nh3 Bd6 13. g5 $5 $15) 12... Nxe4 13. Qxe4 (13. Nxe4 Rxb5 14. Nc3 Rb6 $5 (
14... Ra5 $17) 15. Nd5 Qc6 16. Nxb6 Qxh1 17. Kf1 Bc6 18. f3 Nd7 $17) 13... Bxb5
14. Nxb5 Rxb5 15. Qxa4 Qc6 $17 {[%csl Re1][%mdl 128] Material is equal again,
but White's K is exposed and has no safe long-term hiding place. Black's
attack will prove too strong.} 16. Nf3 (16. f3 Be7 17. c4 Rb6 18. Qxc6+ Nxc6 {
[%cal Re7f6]} 19. Kd1 Ne5 $1 $19 {[%cal Re5c4,Re5d3]}) 16... Bd6 17. Ke2 (17.
O-O O-O {[%cal Rc6f3,Rc6b6]} 18. Kg2 (18. Ne1 c4 {[%csl Ra4][%cal Rd6h2,Rb5g5,
Rg5h5]} 19. h3 Nd7 $19 {->}) 18... Qb6 19. Be5 Rxb1 20. Rxb1 Qxb1 21. Bxd6 Rc8
22. Qa8 Qb6 23. Bxb8 Qd8 24. Qxb7 Rxb8 $19) 17... c4 $1 18. Bxg7 (18. Qa7 h5 $5
19. g5 b6 $40 {[%cal Yc6e4,Yb5f5]}) 18... Re5+ 19. Nxe5 (19. Bxe5 Qxa4 20. Bxh8
Qxc2 $19 {[%cal Rc2d3,Rd3e4]}) 19... Qxa4 20. Bxh8 c3 $1 (20... Qxc2 21. f3 (
21. Kf3 Nc6 22. Nxc6 Qd3+ 23. Kg2 Qe4+ 24. f3 Qe2+ $19) 21... Bxe5 22. Bxe5 Nc6
23. Bc3 Qd3+ 24. Kf2 Nd4 $17 {is good, but less forcing.}) 21. f3 (21. Kd3 Bxe5
22. Bxe5 Qd7+ 23. Kxc3 (23. Bd4 e5 24. dxc3 exd4 25. cxd4 Qxg4 $19) 23... Qc6+
24. Kb2 Qb5+ $19) 21... Qf4 $2 (21... Qd4 $142 $1 22. dxc3 Qxc3 23. f4 Nc6 $40)
22. dxc3 $1 Bc5 (22... Bxe5 23. Rb4 Qg5 24. h4 Qg6 25. Bxe5 Nc6 26. Re4 Nxe5
27. Rxe5 Qxc2+ 28. Ke3 Qxc3+ 29. Kf4 Qd2+ 30. Kg3 Qd6 31. f4 $15) 23. Rb5 $2 {
White returns the favour.} ({After} 23. Rbf1 {, or}) (23. Rhf1 $5 {he would be
back in the game.}) 23... Nd7 $1 24. Nxd7 ({Slightly more resilient, but still
insuffcient was} 24. Rxc5 Nxc5 25. Nd3 Nxd3 26. cxd3 f6 $19) 24... Qe3+ 25. Kd1
Qxf3+ 26. Kd2 Be3+ 27. Kd3 Bf4+ 28. Kc4 Qxh1 (28... Qxh1 29. Nb6 (29. Nc5 Qd5+
30. Kb4 Bd6) 29... Qc6+ 30. Kb4 Bd6+ 31. Ka4 Bxh2) 0-1

[Event "Olympiad-41"]
[Site "Tromsoe"]
[Date "2014.08.10"]
[Round "8.3"]
[White "Rapport, Richard"]
[Black "Onischuk, Alexander"]
[Result "1-0"]
[WhiteElo "2704"]
[BlackElo "2659"]
[Annotator "Szabo,Kr"]
[PlyCount "41"]
[EventDate "2014.08.02"]
[EventType "team-swiss"]
[EventRounds "11"]
[EventCountry "NOR"]
[SourceTitle "CBM 162"]
[Source "ChessBase"]
[SourceDate "2014.09.17"]
[SourceVersion "1"]
[SourceVersionDate "2014.09.17"]
[SourceQuality "1"]
[WhiteTeam "Hungary"]
[BlackTeam "US of America"]
[WhiteTeamCountry "HUN"]
[BlackTeamCountry "USA"]

1. b3 {The Larsen opening is a system Rapport often plays.} e5 2. Bb2 Nc6 3. e3
Nf6 4. Bb5 ({Recently there was a top game with} 4. c4 g6 5. Nf3 d6 6. d4 exd4
7. exd4 Bg7 (7... d5 $5) 8. d5 Ne7 9. h3 O-O 10. Be2 c6 11. dxc6 Nxc6 12. O-O
d5 $13 {with a balanced middlegame, Nakamura-Anand, Dubai blitz 2014.}) 4...
Bd6 5. Na3 a6 (5... e4 {was also tried:} 6. Nc4 Be7 7. Bxc6 bxc6 8. d3 O-O 9.
Ne2 d5 10. Nd2 exd3 11. cxd3 c5 12. Qc2 Re8 13. O-O Bd6 $13 {with an unclear
middlegame, Ipatov-Karjakin, Dubai blitz 2014.}) 6. Bxc6 dxc6 7. Nc4 Qe7 8. a4
({In January Rapport played} 8. Ne2 b5 9. Nxd6+ cxd6 10. a4 b4 11. O-O O-O 12.
f4 {So Wesley} (12. Ng3 Nd5 13. f4 f6 14. a5 c5 15. fxe5 {(Rapport-So Wesley,
Wijk aan Zee 2014)} dxe5 $1 16. Qe2 Be6 17. d3 Rad8 $13) 12... Rd8 (12... Bg4
13. h3 $14) (12... Nd5 13. e4 Nc7 14. Ng3 $36) 13. Ng3 Nd5 14. Qf3 f6 15. Rae1
a5 16. fxe5 dxe5 17. d4 $36 {with some pressure for Black.}) 8... O-O 9. a5 {
White has gained some space on the queenside and he has avoided b5.} Bg4 $146 {
The new move by Onischuk.} (9... Nd7 10. Ne2 b5 11. axb6 cxb6 12. Nxd6 Qxd6 13.
d4 exd4 14. Qxd4 Qxd4 15. Nxd4 Ne5 16. f3 $14 {White is slightly better, later
he managed to win, Rapport-Stevic, Sankt Veit an der Glan 2014.}) 10. Ne2 Nd7 {
A logical decision this N move, and he prepares for f6 too.} ({Nevertheless} 
10... e4 $5 {was an interesting option, for example} 11. O-O (11. h3 Bh5) 11...
Bc5 12. h3 Bh5 13. Qe1 Nd5 14. Ng3 Bg6 {and Black looks nicely placed.}) 11.
O-O e4 (11... Rae8 {was also possible} 12. f3 Be6 13. Nxd6 ({or} 13. Ng3 Bxc4
14. bxc4 f5 $13) 13... cxd6 14. f4 f5 $13) 12. Nxd6 cxd6 13. f3 $5 {A brave
and very ambitious decision. Richard opens his K's position, because he wants
to attack on the kingside.} exf3 14. gxf3 Bh3 $6 {Later the B can be trouble
on h3.} (14... Bf5 {was more accurate} 15. Rf2 (15. Kh1 Bg6) 15... Nc5 16. Rg2
Ne6 {and Black's K looks safe.}) 15. Rf2 Ne5 $6 {An active move, but it gives
some tempi to White.} (15... Nc5 16. Nf4 Bf5 17. Qe2 Bg6 18. e4 {and White has
some initiative, but still Black hasn't got a serious problem.}) 16. f4 $1 Ng6
({The engine suggests} 16... Nd7 {, but by human measure, it is not logical to
go back there, from where the N came.}) 17. f5 $1 Qg5+ (17... Ne5 18. f6 $1 $16
{with a strong attack for White.}) 18. Ng3 Ne5 19. Ra4 $1 {Suddenly the a1 R
is also coming into play. Now the h3 B is stuck, Black's position is very
difficult.} Bg4 $2 {This move helps only White.} (19... g6 20. Kh1 $36) 20. Qf1
f6 $4 {A decisive blunder, but Black's position was already unpleasant.} (20...
Rfe8 21. Raf4 $16) 21. Bxe5 {and Black resigned, because White will play Qc4+
and the g4 B is lost.} 1-0